[Event "16. Bayer Open"]
[Site "Leverkusen"]
[Date "2018.02.26"]
[Round "5.17"]
[White "Pfister, Jürgen"]
[Black "Scharff, Klaus"]
[Result "0-1"]
[WhiteElo "1669"]
[BlackElo "1952"]
[PlyCount "80"]
[EventDate "2018.??.??"]
[WhiteTeam "SF Düsseldorf-Süd"]
[BlackTeam "SV Opladen"]

1. Nf3 e6 2. b3 f5 3. Bb2 Nf6 4. e3 Be7 5. Be2 O-O 6. d3 b6 7. Nbd2 Bb7 8. a3
d6 9. c4 e5 10. Qc2 c6 11. h3 h6 12. d4 e4 13. Nh4 Nh7 14. Ng6 Rf6 15. Bh5 d5
16. Nxe7+ Qxe7 17. h4 Na6 18. b4 Rc8 19. c5 f4 20. O-O-O Nc7 21. exf4 Rxf4 22.
Be2 Rxf2 23. Bg4 Rcf8 24. Rdf1 e3 25. Rxf2 Rxf2 26. Bc3 Nb5 27. Re1 Nf6 28. Qg6
Nxc3 29. Nf3 Na2+ 30. Kb1 Qe4+ 31. Qxe4 Nxe4 32. Rxe3 Nac3+ 33. Kc1 Na2+ 34.
Kd1 Ba6 35. Ne5 Nec3+ 36. Ke1 Rf1+ 37. Kd2 Ne4+ 38. Kc2 Rf2+ 39. Kb3 Nc1+ 40.
Ka4 Bb5# 0-1

[Event "16. Bayer Open"]
[Site "Leverkusen"]
[Date "2018.02.26"]
[Round "5.18"]
[White "Jansen-Karanatsios, Michael"]
[Black "Jiritschka, Wolfgang"]
[Result "1/2-1/2"]
[WhiteElo "1717"]
[BlackElo "1898"]
[PlyCount "26"]
[EventDate "2018.??.??"]
[WhiteTeam "Kölner SK Dr. Lasker"]
[BlackTeam "SC Bayer Leverkusen"]

1. Nf3 Nf6 2. g3 c5 3. Bg2 Nc6 4. d4 d5 5. O-O g6 6. c3 cxd4 7. cxd4 Bg7 8. Nc3
Bf5 9. Qb3 Na5 10. Qa4+ Bd7 11. Qd1 O-O 12. Ne5 e6 13. b3 Rc8 1/2-1/2

[Event "16. Bayer Open"]
[Site "Leverkusen"]
[Date "2018.02.26"]
[Round "5.20"]
[White "Rudolph, Eva"]
[Black "Bär, Marco"]
[Result "0-1"]
[WhiteElo "1757"]
[BlackElo "2030"]
[PlyCount "86"]
[EventDate "2018.??.??"]
[WhiteTeam "Düsseldorfer SK"]
[BlackTeam "SC Bayer Leverkusen"]

1. e4 c5 2. Nc3 a6 3. f4 b5 4. Nf3 Bb7 5. d3 e6 6. g3 d5 7. Qe2 b4 8. Nd1 dxe4
9. dxe4 Nf6 10. Nf2 Nc6 11. Bg2 a5 12. O-O Ba6 13. Nd3 c4 14. Nf2 Bc5 15. c3
Qd3 16. Qxd3 cxd3 17. Kh1 d2 18. Bxd2 Bxf1 19. Rxf1 Bxf2 20. Rxf2 Nxe4 21. Re2
Nxd2 22. Rxd2 Rd8 23. Rc2 O-O 24. h3 h6 25. c4 a4 26. c5 Rd1+ 27. Kh2 Rc8 28.
g4 Kf8 29. Kg3 Ke7 30. Kf2 Ra1 31. b3 axb3 32. axb3 Ra3 33. Rb2 Na5 34. c6 Nxc6
35. Ke2 Na5 36. Nd4 Rc1 37. Kd2 Rca1 38. Be4 Rf1 39. Ke3 g5 40. fxg5 hxg5 41.
Bg2 Rc1 42. Kd2 Rc3 43. Be4 Nxb3+ 0-1

[Event "16. Bayer Open"]
[Site "Leverkusen"]
[Date "2018.02.26"]
[Round "5.21"]
[White "Grah, Ulrich"]
[Black "Blomeyer, Peter"]
[Result "1/2-1/2"]
[WhiteElo "2013"]
[BlackElo "1794"]
[PlyCount "66"]
[EventDate "2018.??.??"]
[WhiteTeam "SG Solingen"]
[BlackTeam "Königsspringer Leverkusen"]

1. e4 d6 2. d4 Nf6 3. Nc3 e5 4. Nf3 exd4 5. Nxd4 Be7 6. g3 c5 7. Nde2 Nc6 8.
Bg2 O-O 9. O-O Rb8 10. f4 Re8 11. h3 a6 12. b3 Qc7 13. a4 b5 14. axb5 axb5 15.
Bb2 c4 16. Nd5 Nxd5 17. exd5 Nb4 18. Bc3 Na6 19. b4 Qb6+ 20. Bd4 Qd8 21. c3 Nc7
22. Ra7 Bb7 23. Bb6 Bf6 24. Nd4 Bxd4+ 25. Qxd4 Re7 26. f5 f6 27. Rf4 Re5 28. g4
Qc8 29. Bxc7 Qxc7 30. Rf1 Rbe8 31. Ra5 Qd7 32. Ra7 Qc7 33. Ra5 Qd7 1/2-1/2

[Event "16. Bayer Open"]
[Site "Leverkusen"]
[Date "2018.02.26"]
[Round "5.23"]
[White "Beyer, Fabian"]
[Black "Liebsch, Ulrich"]
[Result "1/2-1/2"]
[WhiteElo "1908"]
[BlackElo "1780"]
[PlyCount "58"]
[EventDate "2018.??.??"]
[WhiteTeam "SG Solingen"]
[BlackTeam "SC Bayer Leverkusen"]

1. d4 d5 2. Nf3 Nf6 3. c4 c6 4. Nc3 e6 5. Bg5 Be7 6. Qc2 Nbd7 7. cxd5 cxd5 8.
e3 h6 9. Bh4 O-O 10. Bd3 b6 11. O-O Bb7 12. Bg3 Rc8 13. Qb3 Nh5 14. Be5 Nhf6
15. Nb5 Nxe5 16. Nxe5 a6 17. Nc3 Bd6 18. f4 Bxe5 19. fxe5 Nd7 20. a4 Rc7 21.
Rf3 Rc8 22. Rg3 f5 23. exf6 Rxf6 24. Qd1 Qe7 25. Qe2 Nb8 26. e4 dxe4 27. Nxe4
Rf4 28. Qe3 Rcf8 29. Rf1 Qc7 1/2-1/2

[Event "16. Bayer Open"]
[Site "Leverkusen"]
[Date "2018.02.26"]
[Round "5.24"]
[White "Kamphausen, Johannes-Dieter"]
[Black "Janssen, Wolfgang"]
[Result "0-1"]
[WhiteElo "1898"]
[BlackElo "1674"]
[PlyCount "68"]
[EventDate "2018.??.??"]
[WhiteTeam "SV Springer Hitdorf"]
[BlackTeam "SV Dormagen"]

1. e4 c5 2. Nf3 a6 3. Nc3 d6 4. d4 cxd4 5. Nxd4 e5 6. Nf3 Nf6 7. Bc4 Be7 8. O-O
O-O 9. Qe2 Re8 10. Rd1 Bf8 11. Bg5 h6 12. Bh4 Bg4 13. h3 Bh5 14. g4 Bg6 15. Nd5
Nbd7 16. Nc3 Qc7 17. Bg3 b5 18. Bd5 Rac8 19. a3 Nb6 20. Bb3 Qc6 21. Nd2 Nc4 22.
Bxc4 bxc4 23. f3 d5 24. exd5 Nxd5 25. Nxd5 Qxd5 26. Ne4 Qb5 27. c3 f5 28. gxf5
Bxf5 29. Kg2 Rb8 30. Rd2 Re6 31. Rad1 Rg6 32. Kh2 Kh7 33. Rg1 Rbb6 34. Rg2 Qe8
0-1

[Event "16. Bayer Open"]
[Site "Leverkusen"]
[Date "2018.02.26"]
[Round "5.25"]
[White "Kuhn, Andreas"]
[Black "Diaubalick, Ulrich"]
[Result "1/2-1/2"]
[WhiteElo "1835"]
[BlackElo "1623"]
[PlyCount "56"]
[EventDate "2018.??.??"]
[WhiteTeam "SG Niederkassel"]
[BlackTeam "SF Düsseldorf-Süd"]

1. Nf3 d5 2. c4 c6 3. e3 Nf6 4. Nc3 Bf5 5. Qb3 Qb6 6. cxd5 Qxb3 7. axb3 cxd5 8.
Nb5 Kd7 9. Rxa7 Rxa7 10. Nxa7 Nc6 11. Nb5 e5 12. d4 Bb4+ 13. Bd2 Bxd2+ 14. Kxd2
Ne4+ 15. Ke1 Ra8 16. Na3 exd4 17. Nxd4 Nxd4 18. exd4 Nd6 19. f3 h6 20. g4 Bh7
21. Kd2 f6 22. Be2 Ra5 23. Rc1 b6 24. b4 Ra7 25. Nb5 Rb7 26. Nxd6 Kxd6 27. h4
Rc7 28. Ra1 Rc2+ 1/2-1/2

[Event "16. Bayer Open"]
[Site "Leverkusen"]
[Date "2018.02.26"]
[Round "5.26"]
[White "Kronseder, Michael"]
[Black "German, Raphael"]
[Result "0-1"]
[WhiteElo "1763"]
[BlackElo "1833"]
[PlyCount "74"]
[EventDate "2018.??.??"]
[WhiteTeam "SV Hürth-Berrenrath"]

1. e4 e5 2. Nc3 c6 3. f4 exf4 4. Nf3 d5 5. exd5 Bg4 6. Be2 Bb4 7. O-O cxd5 8.
Qe1 Nc6 9. Bc4+ Nge7 10. Nxd5 O-O 11. Nxe7+ Bxe7 12. d3 Bc5+ 13. Kh1 Re8 14.
Qh4 Qxh4 15. Nxh4 g5 16. Nf3 Bxf3 17. gxf3 Re2 18. c3 Ne5 19. d4 Nxc4 20. dxc5
Rd8 21. Rg1 f6 22. Bxf4 Kf7 23. b3 gxf4 24. bxc4 Rdd2 25. Rgd1 Rxh2+ 26. Kg1
Ke6 27. Rxd2 Rxd2 28. Rb1 Rd7 29. Re1+ Kf5 30. Kf2 Rd2+ 31. Re2 Rxe2+ 32. Kxe2
Ke6 33. Kf1 Kd7 34. Kg2 Kc6 35. Kh3 Kxc5 36. Kg4 Kxc4 37. Kxf4 Kd3 0-1

[Event "16. Bayer Open"]
[Site "Leverkusen"]
[Date "2018.02.26"]
[Round "5.27"]
[White "Elshani, Shaip"]
[Black "Axmann, Michael"]
[Result "0-1"]
[WhiteElo "1752"]
[BlackElo "1827"]
[PlyCount "110"]
[EventDate "2018.??.??"]
[WhiteTeam "SC Bayer Leverkusen"]
[BlackTeam "SC Bayer Leverkusen"]

1. e4 c5 2. Nf3 Nc6 3. c3 Nf6 4. e5 Nd5 5. d4 e6 6. Bc4 Nb6 7. Bb3 cxd4 8. cxd4
d5 9. O-O Be7 10. Nc3 O-O 11. h3 f5 12. Ne2 Bd7 13. a3 Rc8 14. Nh2 Na5 15. Bc2
Qc7 16. Bd3 Ba4 17. Qe1 Nb3 18. Rb1 Nc4 19. Nf3 Qb6 20. Be3 Kh8 21. Nc3 Be8 22.
Bc2 f4 23. Bxb3 Qxb3 24. Bd2 Bg6 25. Qe2 Bxb1 26. Rxb1 Rc6 27. Be1 Rfc8 28. Nh2
Qb6 29. Nf3 Qd8 30. Nh2 Qf8 31. g3 Qf5 32. g4 Qf7 33. Nf3 g5 34. Nh2 Kg7 35. f3
Rh8 36. Bf2 h5 37. Kg2 Qg6 38. Rh1 Rcc8 39. Nf1 Rh6 40. Nd2 Nxd2 41. Qxd2 Rch8
42. Rg1 hxg4 43. hxg4 Rh2+ 44. Kf1 Qh7 45. Ke2 Qg6 46. b4 Rh1 47. Rxh1 Rxh1 48.
Nd1 Qh7 49. Nc3 Qh3 50. Kd3 Qxf3+ 51. Kc2 Qxg4 52. Kb3 Qf3 53. Ka4 Rh2 54. Nd1
g4 55. Qc2 Rh3 0-1

[Event "16. Bayer Open"]
[Site "Leverkusen"]
[Date "2018.02.26"]
[Round "5.28"]
[White "Pyrowicz, Jacek"]
[Black "Werthmann, Martin-Lorenz"]
[Result "1-0"]
[WhiteElo "1825"]
[BlackElo "1363"]
[PlyCount "79"]
[EventDate "2018.??.??"]
[WhiteTeam "SV Wermelskirchen"]
[BlackTeam "Kölner SK Dr. Lasker"]

1. d4 d5 2. c4 e6 3. Nc3 Nf6 4. Bg5 Be7 5. e3 O-O 6. Nf3 Nbd7 7. Qc2 h6 8. Bh4
dxc4 9. Bxc4 Nb6 10. Bd3 Nbd5 11. a3 b6 12. O-O Nxc3 13. Qxc3 Bb7 14. Ne5 Qd5
15. f3 Qd6 16. Bg3 Qd8 17. Nc6 Bxc6 18. Qxc6 Nd5 19. Bf2 Bd6 20. Be4 Qg5 21. h4
Qf6 22. Rac1 Rae8 23. Bxd5 exd5 24. Qxd5 Qg6 25. e4 Rd8 26. h5 Qh7 27. Qb3 Bf4
28. Rc6 Kh8 29. g3 Bg5 30. Rxc7 f5 31. f4 Bxf4 32. gxf4 fxe4 33. Rf7 Rfe8 34.
Bh4 Rd6 35. Qb5 Qg8 36. Qf5 g5 37. fxg5 hxg5 38. Bg3 Rde6 39. Be5+ Rxe5 40.
Qf6+ 1-0

[Event "16. Bayer Open"]
[Site "Leverkusen"]
[Date "2018.02.26"]
[Round "5.30"]
[White "Milz, Ulrich"]
[Black "Schimpf, Rolf"]
[Result "0-1"]
[WhiteElo "1686"]
[BlackElo "1936"]
[PlyCount "80"]
[EventDate "2018.??.??"]
[WhiteTeam "SC Bayer Leverkusen"]
[BlackTeam "SC Bayer Leverkusen"]

1. e4 c5 2. Bc4 e6 3. a3 a6 4. Nc3 d6 5. Nf3 Nf6 6. d4 cxd4 7. Nxd4 Be7 8. O-O
Qc7 9. Ba2 O-O 10. Nf3 b5 11. h3 Bb7 12. Re1 Nbd7 13. Bf4 Rac8 14. Ng5 Rfe8 15.
Qd3 h6 16. Nxe6 fxe6 17. Bxe6+ Kh8 18. Nd5 Nxd5 19. exd5 Nc5 20. Qg6 Nxe6 21.
Rxe6 Qxc2 22. Qf7 Qxb2 23. Rae1 Bxd5 24. Rxh6+ gxh6 25. Qxd5 Qf6 26. Be3 Qg6
27. Qd4+ Kh7 28. Qb6 Rg8 29. Qb7 Rce8 30. Bf4 Rg7 31. Qc6 Rf8 32. Bg3 h5 33. h4
Rf5 34. Re3 Rc5 35. Qxa6 Bxh4 36. Kh2 Bxg3+ 37. Rxg3 Rg5 38. Rxg5 Qxg5 39. Qc6
d5 40. Qc2+ Qg6 0-1

[Event "16. Bayer Open"]
[Site "Leverkusen"]
[Date "2018.02.26"]
[Round "5.32"]
[White "Klees, Robert"]
[Black "Reif, Frank"]
[Result "0-1"]
[WhiteElo "1575"]
[BlackElo "1845"]
[PlyCount "46"]
[EventDate "2018.??.??"]
[WhiteTeam "SF Düsseldorf-Süd"]
[BlackTeam "TV Witzhelden"]

1. e4 e5 2. Nf3 Nc6 3. Bc4 Bc5 4. b4 Bb6 5. a4 a6 6. c3 d6 7. Qb3 Qe7 8. d4 Nf6
9. d5 Nd8 10. a5 Ba7 11. Bg5 Bxf2+ 12. Kf1 Ba7 13. b5 axb5 14. Bxb5+ c6 15.
dxc6 bxc6 16. Ba4 O-O 17. Nbd2 h6 18. Bh4 Ba6+ 19. c4 d5 20. exd5 cxd5 21. Re1
e4 22. Bf2 Bxf2 23. Kxf2 Qc5+ 0-1

[Event "16. Bayer Open"]
[Site "Leverkusen"]
[Date "2018.02.26"]
[Round "5.33"]
[White "Longerich, Hans-Peter"]
[Black "Baier, Uwe"]
[Result "1/2-1/2"]
[WhiteElo "1551"]
[BlackElo "1834"]
[PlyCount "63"]
[EventDate "2018.??.??"]
[WhiteTeam "SC Bayer Leverkusen"]
[BlackTeam "Schachuzipus Köln-Mülheim"]

1. e4 e5 2. Nf3 Nf6 3. Nc3 d6 4. d4 Nbd7 5. dxe5 dxe5 6. Bg5 h6 7. Bh4 Be7 8.
Bg3 c6 9. Nxe5 Qa5 10. Nc4 Qd8 11. Nd6+ Kf8 12. Bc4 Bxd6 13. Bxd6+ Kg8 14. e5
Ne8 15. e6 fxe6 16. Bxe6+ Kh7 17. Qd3+ g6 18. O-O-O Qf6 19. Bxd7 Bxd7 20. Ne4
Qg7 21. Kb1 Bf5 22. Bb4 Rf8 23. Bc3 Qf7 24. f3 Rc8 25. Qd4 b6 26. Nd6 Nxd6 27.
Qxd6 c5 28. Rhe1 Rce8 29. Rxe8 Rxe8 30. Qd2 Qc4 31. Re1 Qf7 32. Rxe8 1/2-1/2

[Event "16. Bayer Open"]
[Site "Leverkusen"]
[Date "2018.02.26"]
[Round "5.34"]
[White "Kolleck, Wolf-Dietrich"]
[Black "Meyer, Stefan"]
[Result "0-1"]
[WhiteElo "1546"]
[BlackElo "1753"]
[PlyCount "74"]
[EventDate "2018.??.??"]
[WhiteTeam "SC Bayer Leverkusen"]
[BlackTeam "SV Grevenbroich"]

1. d4 Nf6 2. c4 Nc6 3. Nf3 e6 4. Nc3 Bb4 5. Bg5 h6 6. Bxf6 Qxf6 7. e3 O-O 8. e4
e5 9. d5 Nb8 10. g3 a5 11. Bg2 d6 12. O-O Bg4 13. Qd3 Qe7 14. Nh4 g6 15. Ne2
Bc5 16. Kh1 Na6 17. a3 Bb6 18. Qd2 Nc5 19. Nc3 Nb3 20. Qxh6 Nxa1 21. f3 Bd7 22.
Rxa1 Qf6 23. Rf1 Qg7 24. Qg5 Rae8 25. f4 Kh7 26. f5 Qh6 27. Qg4 Bc8 28. Qe2 Qe3
29. Qg4 Qh6 30. Qe2 g5 31. Nf3 f6 32. g4 Rh8 33. h3 Bd7 34. Nd2 Qh4 35. Nf3 Qg3
36. Qd2 Kg7 37. Nxg5 Qxg4 0-1

[Event "16. Bayer Open"]
[Site "Leverkusen"]
[Date "2018.02.26"]
[Round "5.37"]
[White "Nölle, Michael"]
[Black "Becker, Johann"]
[Result "1-0"]
[WhiteElo "1471"]
[BlackElo "1691"]
[PlyCount "45"]
[EventDate "2018.??.??"]
[WhiteTeam "SF Schlebusch"]
[BlackTeam "TV Witzhelden"]

1. c4 e5 2. Nc3 Nc6 3. e3 f5 4. Nge2 Nf6 5. d4 exd4 6. Nxd4 g6 7. Bd3 Bg7 8.
O-O O-O 9. f3 Ne5 10. Bc2 b6 11. e4 fxe4 12. Nxe4 Bb7 13. Bg5 a6 14. Qe2 Qe8
15. Bb3 Nxe4 16. fxe4 Nf7 17. Nf3 Bxe4 18. Rae1 Bxf3 19. Qxf3 Bd4+ 20. Kh1 Ne5
21. Qd5+ Kh8 22. Qxd4 d6 23. Bf6+ 1-0

[Event "16. Bayer Open"]
[Site "Leverkusen"]
[Date "2018.02.26"]
[Round "5.38"]
[White "Hasanovic, Huzeir"]
[Black "Hegmann, Werner"]
[Result "1-0"]
[WhiteElo "1496"]
[BlackElo "1743"]
[PlyCount "70"]
[EventDate "2018.??.??"]
[WhiteTeam "SV Opladen"]
[BlackTeam "SV Opladen"]

1. e4 e5 2. Nf3 Nc6 3. Bc4 Bc5 4. c3 Nf6 5. O-O d6 6. d4 exd4 7. cxd4 Bb6 8.
Bg5 h6 9. Bh4 g5 10. Bg3 Bg4 11. d5 Ne5 12. Bxe5 dxe5 13. Nc3 O-O 14. Qd3 Qe7
15. Ne2 Nh7 16. Ng3 Kg7 17. h3 Bd7 18. Bb3 f6 19. Rac1 Kg6 20. Nf5 Bxf5 21.
exf5+ Kg7 22. Qe4 Rad8 23. h4 Rh8 24. h5 Rd7 25. g4 Rd6 26. Nd2 Bd4 27. Nc4
Rdd8 28. Rc2 c5 29. dxc6 bxc6 30. Na5 Rc8 31. Nxc6 Qd6 32. Rfc1 Rhf8 33. Ne7
Rce8 34. Rc6 Bxf2+ 35. Kxf2 Qxc6 1-0

[Event "16. Bayer Open"]
[Site "Leverkusen"]
[Date "2018.02.26"]
[Round "5.39"]
[White "Bigott, Martin"]
[Black "Riesen, Ingo"]
[Result "0-1"]
[WhiteElo "1807"]
[BlackElo "1602"]
[PlyCount "54"]
[EventDate "2018.??.??"]
[WhiteTeam "SF Lohmar"]
[BlackTeam "Klub Kölner SF"]

1. Nf3 d5 2. g3 Nf6 3. Bg2 e6 4. b3 Be7 5. Bb2 Bd7 6. O-O O-O 7. e3 c5 8. d4
cxd4 9. Nxd4 Nc6 10. Nxc6 Bxc6 11. Nd2 Qc7 12. a4 Rad8 13. Qe2 a6 14. Rfc1 Qd7
15. Rd1 Qc8 16. c3 b5 17. Nf3 bxa4 18. bxa4 Bb7 19. Ba3 Bxa3 20. Rxa3 Ne4 21.
c4 Qxc4 22. Qxc4 dxc4 23. Rc1 c3 24. Rb3 Bd5 25. Rb6 Ra8 26. Bf1 a5 27. Bd3
Nxg3 0-1

[Event "16. Bayer Open"]
[Site "Leverkusen"]
[Date "2018.02.26"]
[Round "5.40"]
[White "Yon, Gregory"]
[Black "Skiber, Friedel"]
[Result "0-1"]
[WhiteElo "1621"]
[BlackElo "1695"]
[PlyCount "104"]
[EventDate "2018.??.??"]
[WhiteTeam "Bergische SF"]
[BlackTeam "SG Solingen"]

1. d4 d6 2. Bf4 g6 3. Nc3 Bg7 4. e4 Nf6 5. Qd2 c6 6. Be2 b5 7. a3 O-O 8. h4 h5
9. Bh6 a5 10. Bxg7 Kxg7 11. Qe3 Nbd7 12. Nf3 Ng4 13. Qd2 Qb6 14. O-O e5 15.
dxe5 dxe5 16. Ng5 Nc5 17. Bxg4 Bxg4 18. Qe3 Rab8 19. b4 axb4 20. axb4 Na6 21.
Qxb6 Rxb6 22. f3 Bc8 23. Rab1 f6 24. Nh3 Rd8 25. Rfd1 Bd7 26. Nf2 Rbb8 27. Nd3
Be6 28. Ra1 Ra8 29. Kh2 Bc4 30. Rab1 Ra7 31. Nc5 Rxd1 32. Nxd1 Nxc5 33. bxc5
Ra2 34. Ne3 Be6 35. Kg3 Ra3 36. Nd1 Ra4 37. Ne3 b4 38. Rd1 Kf7 39. Rd6 Ra3 40.
Kf2 Ra6 41. Kg3 Ke7 42. Nd5+ Bxd5 43. exd5 Ra2 44. Rxc6 Rxc2 45. d6+ Ke6 46.
Rc7 b3 47. Re7+ Kf5 48. d7 Rd2 49. c6 b2 50. c7 b1=Q 51. c8=Q Qe1+ 52. Kh2
Qxh4+ 0-1

[Event "16. Bayer Open"]
[Site "Leverkusen"]
[Date "2018.02.26"]
[Round "5.41"]
[White "Shelukie, Magd"]
[Black "Wehr, Günter"]
[Result "1-0"]
[WhiteElo "1592"]
[BlackElo "1665"]
[PlyCount "69"]
[EventDate "2018.??.??"]
[WhiteTeam "Bergische SF"]
[BlackTeam "SV Opladen"]

1. e4 e5 2. Nf3 Nc6 3. Bc4 d6 4. h3 h6 5. Nc3 Nf6 6. d4 exd4 7. Nxd4 Bd7 8. Be3
Be7 9. Qd2 Ne5 10. Be2 a6 11. f4 Nc6 12. Nf3 Nh5 13. Bf2 Nf6 14. e5 dxe5 15.
fxe5 Nh7 16. a3 O-O 17. O-O-O Be6 18. Bd3 Ng5 19. Bg3 Kh8 20. Qe3 Qe8 21. h4
Nxf3 22. gxf3 b6 23. Qe4 g6 24. Qe3 Kg7 25. Ne4 Bf5 26. h5 Bxe4 27. Qxe4 Bg5+
28. f4 Nxe5 29. fxg5 Nxd3+ 30. Qxd3 Qe6 31. gxh6+ Kh7 32. hxg6+ fxg6 33. Qd7+
Qxd7 34. Rxd7+ Kh8 35. Be5+ 1-0

[Event "16. Bayer Open"]
[Site "Leverkusen"]
[Date "2018.02.26"]
[Round "5.42"]
[White "Breuer, Achim"]
[Black "Multhauf, Stefan"]
[Result "1-0"]
[WhiteElo "1584"]
[BlackElo "1664"]
[PlyCount "61"]
[EventDate "2018.??.??"]
[WhiteTeam "SV Dormagen"]
[BlackTeam "Königsspringer Leverkusen"]

1. d4 d6 2. c4 e5 3. dxe5 dxe5 4. Qxd8+ Kxd8 5. e4 Bb4+ 6. Bd2 Bxd2+ 7. Nxd2 c6
8. O-O-O Kc7 9. Ngf3 f6 10. c5 Be6 11. a3 a5 12. Bc4 Bxc4 13. Nxc4 Nd7 14. Nb6
Rd8 15. Nxd7 Rxd7 16. Rxd7+ Kxd7 17. Rd1+ Kc7 18. Nd2 Nh6 19. Nc4 Ng4 20. f3
Nh6 21. Nxa5 b6 22. cxb6+ Kxb6 23. Nc4+ Kc7 24. a4 Nf7 25. Rd2 Rb8 26. a5 Rb4
27. Nb6 Nd6 28. Rc2 Rb5 29. Nd5+ Kb7 30. a6+ Kxa6 31. Rxc6+ 1-0

[Event "16. Bayer Open"]
[Site "Leverkusen"]
[Date "2018.02.26"]
[Round "5.43"]
[White "Esser, Heinz"]
[Black "Paul, André David"]
[Result "0-1"]
[WhiteElo "1582"]
[BlackElo "1655"]
[PlyCount "88"]
[EventDate "2018.??.??"]
[WhiteTeam "SV Dormagen"]
[BlackTeam "Kölner SK Dr. Lasker"]

1. c4 c6 2. Nc3 Nf6 3. g3 d5 4. cxd5 cxd5 5. d4 e6 6. Bg2 Nc6 7. e3 Bd7 8. Nge2
Be7 9. O-O O-O 10. a3 Na5 11. Qc2 Rc8 12. Qd3 a6 13. b4 Nc4 14. e4 Bc6 15. e5
Ne8 16. f4 g6 17. g4 Nc7 18. Qh3 Nb5 19. Rf3 Re8 20. g5 Qb6 21. Nxb5 Bxb5 22.
Qh6 Bf8 23. Qh4 f5 24. gxf6 Rc7 25. Rg3 Nxe5 26. fxe5 Bxe2 27. Bh6 Bxh6 28. Re1
Bd3 29. Qxh6 Qxd4+ 30. Rge3 Bf5 31. h3 Rec8 32. Kh2 Be4 33. R1e2 Qxe5+ 34. Kg1
Rc1+ 35. Bf1 Qxf6 36. Rf2 Qg7 37. Qg5 Bf5 38. Qf4 Qc7 39. Qd4 b6 40. Rfe2 Rc4
41. Qf6 Rc1 42. Rxe6 Bxe6 43. Qxe6+ Qf7 44. Qg4 Qxf1+ 0-1

[Event "16. Bayer Open"]
[Site "Leverkusen"]
[Date "2018.02.26"]
[Round "5.45"]
[White "Müller, Horst"]
[Black "Plitzner, Hans Joachim"]
[Result "0-1"]
[WhiteElo "1580"]
[BlackElo "1581"]
[PlyCount "86"]
[EventDate "2018.??.??"]
[WhiteTeam "SV Springer Hitdorf"]
[BlackTeam "Kölner SK Dr. Lasker"]

1. c4 c5 2. Nc3 Nc6 3. g3 g6 4. Bg2 Bg7 5. e4 d6 6. Nge2 Nf6 7. O-O O-O 8. d3
Bd7 9. a3 Qc8 10. Rb1 Bh3 11. b4 Bxg2 12. Kxg2 b6 13. b5 Na5 14. Bg5 Re8 15. h3
h6 16. Be3 Kh7 17. f4 e6 18. Qd2 Qb7 19. Kh2 Rad8 20. f5 exf5 21. exf5 d5 22.
fxg6+ fxg6 23. Rxf6 Bxf6 24. Nxd5 Rxd5 25. cxd5 Qxd5 26. Nf4 Qd6 27. Qf2 Be5
28. Rf1 Rf8 29. Qe2 Nb3 30. Kg2 Nd4 31. Bxd4 Bxd4 32. Qe4 Qf6 33. Rf3 Rf7 34.
a4 Re7 35. Nd5 Rxe4 36. Rxf6 Re5 37. Nf4 g5 38. Rf7+ Kg8 39. Rxa7 gxf4 40. Ra6
Re6 41. a5 fxg3 42. Rxb6 Rxb6 43. axb6 Be5 0-1

[Event "16. Bayer Open"]
[Site "Leverkusen"]
[Date "2018.02.26"]
[Round "5.46"]
[White "Garcia Unterbusch, Juan"]
[Black "Reinartz, Ulrich"]
[Result "1/2-1/2"]
[WhiteElo "1456"]
[BlackElo "1624"]
[PlyCount "117"]
[EventDate "2018.??.??"]
[WhiteTeam "Pulheimer SC"]
[BlackTeam "TV Witzhelden"]

1. e4 c5 2. Nf3 Nc6 3. d4 cxd4 4. Nxd4 e5 5. Nb5 a6 6. Nd6+ Bxd6 7. Qxd6 Qf6 8.
Qd1 Qg6 9. Nc3 Nf6 10. f3 O-O 11. Be3 b5 12. Qd2 Rb8 13. g4 b4 14. Na4 Nxe4 15.
fxe4 Qxe4 16. Bg2 Qxg4 17. Nc5 Nd4 18. Rf1 d6 19. Nb3 Qh4+ 20. Rf2 Bb7 21.
O-O-O Bxg2 22. Bxd4 Be4 23. Be3 d5 24. Bg5 Qh3 25. Nc5 Bg6 26. Qxd5 h6 27. Bd2
Rfe8 28. Rg1 Kh7 29. Qf3 Qc8 30. Be3 e4 31. Qg4 Qc6 32. h4 h5 33. Qe2 Qd5 34.
Kb1 Rb5 35. Rd1 Qc6 36. Qd2 Rxc5 37. Bxc5 Qxc5 38. Qd7 Re7 39. Qd6 Qxf2 40.
Qxe7 e3 41. Rc1 a5 42. Qe5 e2 43. b3 Bxc2+ 44. Kb2 Bg6 45. Ka1 Qf6 46. Qxf6
gxf6 47. Re1 Bd3 48. Kb2 Kg6 49. Kc1 Kf5 50. Rg1 Kf4 51. Kd2 Bb5 52. Rg7 f5 53.
Rxf7 Ke4 54. Rb7 Ba6 55. Rb6 Bc8 56. Kxe2 f4 57. Kf2 Kf5 58. Rb5+ Kg4 59. Rxa5
1/2-1/2

[Event "16. Bayer Open"]
[Site "Leverkusen"]
[Date "2018.02.26"]
[Round "5.47"]
[White "Nölle, Lisa"]
[Black "Roder, Stephan"]
[Result "0-1"]
[WhiteElo "916"]
[BlackElo "1399"]
[PlyCount "68"]
[EventDate "2018.??.??"]
[WhiteTeam "SF Schlebusch"]
[BlackTeam "Bergische SF"]

1. d4 e6 2. e4 b6 3. Nf3 Bb7 4. Nc3 Bb4 5. Bd2 Bxc3 6. Bxc3 Nf6 7. Bd3 Bxe4 8.
O-O d6 9. Re1 Bd5 10. b4 Nbd7 11. Bd2 Qc8 12. a3 Qb7 13. h3 Bxf3 14. Qxf3 Qxf3
15. gxf3 O-O 16. Kh2 e5 17. c3 exd4 18. cxd4 Nh5 19. Rg1 g6 20. Rae1 c5 21.
dxc5 dxc5 22. Bh6 Rfe8 23. Rxe8+ Rxe8 24. bxc5 Nxc5 25. Bc4 Ng7 26. Rd1 Nge6
27. Kg3 Rd8 28. Rxd8+ Nxd8 29. Bd5 Nde6 30. Be3 Kg7 31. f4 Kf6 32. Kf3 Ke7 33.
Ke2 Na4 34. Ba2 Nc3+ 0-1

[Event "16. Bayer Open"]
[Site "Leverkusen"]
[Date "2018.02.26"]
[Round "5.48"]
[White "Büttgenbach, Uwe Eugen"]
[Black "Haag, Helmut"]
[Result "1-0"]
[WhiteElo "1505"]
[BlackElo "1609"]
[PlyCount "47"]
[EventDate "2018.??.??"]
[WhiteTeam "Ronsdorfer SV"]
[BlackTeam "Langenfelder SF"]

1. e4 e5 2. f4 exf4 3. Nf3 d6 4. Bc4 Be7 5. O-O Bg4 6. d4 Bf6 7. Bxf4 Ne7 8. e5
dxe5 9. dxe5 Qxd1 10. Rxd1 Bxf3 11. gxf3 Bh4 12. e6 f6 13. Bxc7 Nbc6 14. Nc3
O-O 15. Rd7 Rfe8 16. f4 Kh8 17. Rf1 Rac8 18. Bb3 Nf5 19. Ne4 Nd8 20. Bxd8 Rexd8
21. Rxb7 Nd4 22. e7 Ne2+ 23. Kg2 Rd4 24. Kf3 1-0

[Event "16. Bayer Open"]
[Site "Leverkusen"]
[Date "2018.03.12"]
[Round "6.1"]
[White "Mohaupt, Sascha"]
[Black "Balduan, Markus"]
[Result "0-1"]
[WhiteElo "2200"]
[BlackElo "2309"]
[PlyCount "82"]
[EventDate "2018.??.??"]
[WhiteTeam "SV Wermelskirchen"]
[BlackTeam "TV Witzhelden"]

1. e4 c5 2. Nf3 a6 3. c4 e6 4. Nc3 Nc6 5. d4 cxd4 6. Nxd4 Qc7 7. Nxc6 dxc6 8.
Bd3 Nf6 9. O-O e5 10. a3 Bc5 11. Rb1 O-O 12. Qc2 a5 13. b4 axb4 14. axb4 Bd4
15. c5 Be6 16. Na4 Nd7 17. Bb2 Bxb2 18. Nxb2 Ra2 19. Bc4 Bxc4 20. Qxc4 Rfa8 21.
Rfd1 Nf8 22. h3 Ne6 23. Nd3 g5 24. Nc1 Ra1 25. Ne2 Rxb1 26. Rxb1 Qd7 27. Qc3
Ra2 28. Rb2 Qd1+ 29. Kh2 Rxb2 30. Qxb2 Nd4 31. Nc3 Qd3 32. Qc1 h6 33. f3 Kg7
34. Qb2 Kg6 35. Qc1 h5 36. Qb2 Qf1 37. Qd2 Qxf3 38. Qe1 Qf4+ 39. Kh1 Nc2 40.
Qe2 Nd4 41. Qe1 g4 0-1

[Event "16. Bayer Open"]
[Site "Leverkusen"]
[Date "2018.03.12"]
[Round "6.2"]
[White "Stillger, Bernhard"]
[Black "Peschel, Andreas"]
[Result "1/2-1/2"]
[WhiteElo "2338"]
[BlackElo "2195"]
[PlyCount "116"]
[EventDate "2018.??.??"]
[WhiteTeam "Oberhausener SV"]
[BlackTeam "SG Solingen"]

1. e4 g6 2. d4 Bg7 3. c4 d6 4. Nc3 Nf6 5. Nf3 O-O 6. Be2 e5 7. O-O Nc6 8. d5
Ne7 9. b4 c6 10. Rb1 cxd5 11. cxd5 Ne8 12. Bd2 h6 13. Ne1 f5 14. f3 Nf6 15. Nd3
g5 16. Nf2 Kh8 17. Kh1 Ng6 18. Qc2 Bd7 19. exf5 Ne7 20. Bd3 Nfxd5 21. Nxd5 Nxd5
22. Be4 Rc8 23. Qb3 Nf6 24. Bxb7 Rc7 25. Be4 d5 26. Bd3 e4 27. fxe4 dxe4 28.
Nxe4 Nxe4 29. Bxe4 Bb5 30. f6 Rxf6 31. Rxf6 Qxf6 32. Qf3 Qxf3 33. gxf3 Be5 34.
Rc1 Rxc1+ 35. Bxc1 Bc3 36. a3 Kg7 37. Kg2 Kf6 38. f4 gxf4 39. Bxf4 Bb2 40. Bxh6
Bxa3 41. Bd2 Bb2 42. Kf3 Be8 43. h4 Bh5+ 44. Kg3 Be5+ 45. Kg2 Be8 46. Bd3 Bd4
47. b5 Ke5 48. Kg3 Bh5 49. Bf4+ Kd5 50. Bb8 Be3 51. Bf1 Bd1 52. Bf4 Bd4 53. Bc1
Be5+ 54. Kf2 Ke4 55. Bg2+ Kf5 56. Bf3 Bc2 57. Ba3 Bd3 58. Be2 Bxb5 1/2-1/2